| 000 | 01622nas0a22003251i 4500 | ||
|---|---|---|---|
| 001 | RU\NLR\DRGNLR\5330 | ||
| 005 | 20240725031410.0 | ||
| 035 | _a(NLR Aleph) 010313902 | ||
| 090 |
_a10646852 _c10646852 |
||
| 100 | _a20080514b1917 u y0rusy50 ca | ||
| 101 | 0 | _arus | |
| 102 | _aRU | ||
| 110 | _acya|||||||| | ||
| 200 | 1 |
_aЧасовой на революционном посту _eОрган Казан. воен.-окр. исполн. ком. _fОтв. ред. К.Грасис, А.Кучкин |
|
| 210 |
_aКазань _d1917, 20 мая - [?] |
||
| 430 | 0 |
_12001#$aИзвестия Казанского военно-окружного комитета _tИзвестия Казанского военно-окружного комитета |
|
| 430 | 0 |
_12001#$aРеволюционный трибун _tРеволюционный трибун |
|
| 540 | 1 | _aЧасовой на революционном посту | |
| 702 | 1 |
_aГрасис _bК.И. _gКарл Иванович _4340 |
|
| 702 | 1 |
_aКучкин _bА.П. _4340 |
|
| 801 | 0 |
_aRU _bNLR _c20080514 _gPSBO _2gzdor_isis |
|
| 801 | 2 |
_aRU _bNLR _c20080514 _gPSBO _2rusmarc |
|
| 852 |
_aNLR _jР2/3458 |
||
| 942 | _cNEWSPAPER | ||
| 980 | _aDRG | ||